Thiết kế và tính toán các kết cấu mặt đường : Hướng dẫn kỹ thuật

Cơ sở của phương pháp tính toán mặt đường; Sự liên quan giữa việc lựa chọn cách thiết kế mặt đường và cách quản lí mạng dưới đường bộ; Tầng mặt; Nền đất; Các vật liệu mặt đường; Tính toán mặt đường mới.....

Deskribapen osoa

Gorde:
Xehetasun bibliografikoak
Formatua: Liburua
Hizkuntza:Undetermined
Argitaratua: Hà Nội Giáo Dục 1999
Gaiak:
Etiketak: Etiketa erantsi
Etiketarik gabe, Izan zaitez lehena erregistro honi etiketa jartzen!
Thư viện lưu trữ: Trung tâm Học liệu Trường Đại học Cần Thơ
LEADER 01007nam a2200205Ia 4500
001 CTU_39877
008 210402s9999 xx 000 0 und d
020 |c 18700 
082 |a 625.8 
082 |b Th308 
245 0 |a Thiết kế và tính toán các kết cấu mặt đường : 
245 0 |b Hướng dẫn kỹ thuật 
245 0 |c Francois Cortes ...[et al.]; Dịch giả: Nguyễn Quang Chiêu 
260 |a Hà Nội 
260 |b Giáo Dục 
260 |c 1999 
520 |a Cơ sở của phương pháp tính toán mặt đường; Sự liên quan giữa việc lựa chọn cách thiết kế mặt đường và cách quản lí mạng dưới đường bộ; Tầng mặt; Nền đất; Các vật liệu mặt đường; Tính toán mặt đường mới.. 
650 |a Pavements, concrete,Traffic safety 
904 |i Minh 
980 |a Trung tâm Học liệu Trường Đại học Cần Thơ